Ichtiar kearah standardisasi tjara-tjara pemeriksaan laboratorium mengenai mycobacterium tuberculosis dalam dahak di Indonesia. (Record no. 87503)
[ view plain ]
| 000 -LEADER | |
|---|---|
| fixed length control field | 01069cam a22002651 4500 |
| 001 - CONTROL NUMBER | |
| control field | sa 68017075 |
| 003 - CONTROL NUMBER IDENTIFIER | |
| control field | DLC |
| 005 - DATE AND TIME OF LATEST TRANSACTION | |
| control field | 20260227112700.0 |
| 008 - FIXED-LENGTH DATA ELEMENTS--GENERAL INFORMATION | |
| fixed length control field | 720801s1957 xx 000 0 ind |
| 010 ## - LIBRARY OF CONGRESS CONTROL NUMBER | |
| LC control number | sa 68017075 |
| 035 ## - SYSTEM CONTROL NUMBER | |
| System control number | (OCoLC)371314 |
| 040 ## - CATALOGING SOURCE | |
| Original cataloging agency | DLC |
| Transcribing agency | OAU |
| Modifying agency | DLC |
| 042 ## - AUTHENTICATION CODE | |
| Authentication code | premarc |
| 050 00 - LIBRARY OF CONGRESS CALL NUMBER | |
| Classification number | RC311.2 |
| Item number | .T36 |
| 100 1# - MAIN ENTRY--PERSONAL NAME | |
| Personal name | Tan, Thiam Hok. |
| 245 10 - TITLE STATEMENT | |
| Title | Ichtiar kearah standardisasi tjara-tjara pemeriksaan laboratorium mengenai mycobacterium tuberculosis dalam dahak di Indonesia. |
| Remainder of title | Towards a standardization of the laboratory methods for the detection of mycobacterium tuberculosis in human sputum in Indonesia. |
| 260 ## - PUBLICATION, DISTRIBUTION, ETC. | |
| Place of publication, distribution, etc. | [Djakarta, |
| Name of publisher, distributor, etc. | Penerbitan Universitas, |
| Date of publication, distribution, etc. | 1957?] |
| 300 ## - PHYSICAL DESCRIPTION | |
| Extent | 135 p. |
| Dimensions | 23 cm. |
| 500 ## - GENERAL NOTE | |
| General note | Tesis--Universitas Indonesia. |
| 500 ## - GENERAL NOTE | |
| General note | Summary in English. |
| 504 ## - BIBLIOGRAPHY, ETC. NOTE | |
| Bibliography, etc. note | Bibliography: p. 121-135. |
| 650 #0 - SUBJECT ADDED ENTRY--TOPICAL TERM | |
| Topical term or geographic name entry element | Tuberculosis |
| General subdivision | Diagnosis. |
| 650 #0 - SUBJECT ADDED ENTRY--TOPICAL TERM | |
| Topical term or geographic name entry element | Sputum |
| General subdivision | Microbiology. |
| 740 0# - ADDED ENTRY--UNCONTROLLED RELATED/ANALYTICAL TITLE | |
| Uncontrolled related/analytical title | Towards a standardization of the laboratory methods for the detection of mycobacterium tuberculosis in human sputum in Indonesia. |
No items available.